[Event "10MCR_4DW_1L_3S"]
[Site "CR"]
[Date "2012.??.??"]
[Round "?"]
[White "Alexa, Jaroslav"]
[Black "Cvak, Rudolf"]
[Result "1/2-1/2"]
[WhiteElo "2345"]
[BlackElo "2375"]
[Annotator "18"]
[PlyCount "76"]
[EventDate "2012.??.??"]
[EventType "corr"]

1. d4 Nf6 2. c4 e6 3. Nc3 Bb4 4. e3 O-O 5. Bd3 d5 6. a3 Bxc3+ 7. bxc3 dxc4 8.
Bxc4 c5 9. Nf3 Qc7 10. Ba2 b5 11. O-O Nbd7 12. a4 a6 13. Bb3 Bb7 14. Qe2 Bc6
15. Bb2 Qb7 16. Rfc1 Rfb8 17. Bc2 h6 18. dxc5 Nxc5 19. axb5 axb5 20. Ba3 Na4
21. Bb4 Nb6 22. Nd4 Bxg2 23. f3 Rxa1 24. Rxa1 e5 25. Kxg2 exd4 26. cxd4 Nc4 27.
Bb3 Qc6 28. Bd2 Re8 29. Bxc4 bxc4 30. Rc1 Nd5 31. Qxc4 Qg6+ 32. Kf2 Qh5 33. Rg1
Qxh2+ 34. Rg2 Qh4+ 35. Rg3 Ne7 36. Qc2 Qf6 37. Qe4 Rb8 38. Qe5 Qxe5 1/2-1/2

[Event "10MCR_4DW_1L_3S"]
[Site "CR"]
[Date "2012.??.??"]
[Round "?"]
[White "Alexa, Jaroslav"]
[Black "Ryska, Jiri"]
[Result "1/2-1/2"]
[WhiteElo "2345"]
[BlackElo "1900"]
[Annotator "19"]
[PlyCount "66"]
[EventDate "2012.??.??"]
[EventType "corr"]

1. d4 Nf6 2. c4 g6 3. Nc3 Bg7 4. e4 d6 5. f3 O-O 6. Be3 Nc6 7. Nge2 a6 8. Qd2
Rb8 9. Rc1 e6 10. g3 Bd7 11. Nd1 b5 12. c5 dxc5 13. Rxc5 Re8 14. Bg2 Bf8 15.
Rc1 e5 16. O-O exd4 17. Nxd4 Ne5 18. Nb3 Be6 19. Qxd8 Rbxd8 20. Bg5 Bg7 21. Nf2
h6 22. Bf4 Nc4 23. Nc5 g5 24. Bxc7 Rd2 25. Nxe6 fxe6 26. b3 Ne3 27. Rfe1 Nxg2
28. Kxg2 Rxa2 29. b4 Rc8 30. Kf1 Nd7 31. Bd6 Rc4 32. Rxc4 bxc4 33. Re2 Ra1+
1/2-1/2

[Event "10MCR_4DW_1L_3S"]
[Site "CR"]
[Date "2012.??.??"]
[Round "?"]
[White "Ryska, Jiri"]
[Black "Jirku, Jaroslav"]
[Result "1/2-1/2"]
[WhiteElo "1900"]
[BlackElo "2329"]
[Annotator "20"]
[PlyCount "57"]
[EventDate "2012.??.??"]
[EventType "corr"]

1. e4 c5 2. Nc3 Nc6 3. g3 g6 4. Bg2 Bg7 5. d3 d6 6. Be3 Rb8 7. Qd2 b5 8. a3 a5
9. Nf3 b4 10. axb4 axb4 11. Nd1 Bd7 12. O-O Qc7 13. d4 cxd4 14. Nxd4 Na5 15. b3
Nf6 16. Bh6 O-O 17. Bxg7 Kxg7 18. Ne3 Qc5 19. Nd5 Nc6 20. Nxc6 Bxc6 21. Nxf6
exf6 22. Rfd1 Rfd8 23. Qd4 Ra8 24. Rac1 Re8 25. Qxd6 Qxd6 26. Rxd6 Bxe4 27. Rd4
Bxg2 28. Kxg2 Rab8 29. Ra1 1/2-1/2

[Event "10MCR_4DW_1L_3S"]
[Site "CR"]
[Date "2012.??.??"]
[Round "?"]
[White "Nigrin, Jiri"]
[Black "Alexa, Jaroslav"]
[Result "1-0"]
[WhiteElo "2107"]
[BlackElo "2345"]
[Annotator "21"]
[PlyCount "97"]
[EventDate "2012.??.??"]
[EventType "corr"]

1. d4 Nf6 2. c4 e6 3. Nf3 d5 4. Nc3 c6 5. Bg5 h6 6. Bh4 dxc4 7. e4 g5 8. Bg3 b5
9. Be2 Bb7 10. O-O Nbd7 11. Ne5 Bg7 12. Nxd7 Nxd7 13. Bd6 a6 14. a4 e5 15. Bg4
exd4 16. e5 c5 17. Re1 Nxe5 18. Bxe5 O-O 19. Bxg7 Kxg7 20. Ne2 f5 21. Bh5 f4
22. Nxd4 cxd4 23. Re6 Rf6 24. Qe1 Bd5 25. Re7+ Kg8 26. axb5 Qd6 27. h3 axb5 28.
Rxa8+ Bxa8 29. Re8+ Rf8 30. Re6 Qd5 31. f3 d3 32. Rg6+ Kh7 33. Qe7+ Rf7 34. Qe8
Qc5+ 35. Kh2 Qf8 36. Qe5 Bxf3 37. gxf3 Re7 38. Re6 Rxe6 39. Qxe6 Kg7 40. Kg2
Qf6 41. Qd7+ Kf8 42. Qe8+ Kg7 43. Qxb5 Kf8 44. Qe8+ Kg7 45. Kh1 Qf8 46. Qd7+
Kf6 47. Qd4+ Kf5 48. Qxc4 Qd6 49. Qe4+ 1-0

[Event "10MCR_4DW_1L_3S"]
[Site "CR"]
[Date "2012.??.??"]
[Round "?"]
[White "Tunega, Frantisek"]
[Black "Nigrin, Jiri"]
[Result "1-0"]
[WhiteElo "2287"]
[BlackElo "2107"]
[Annotator "22"]
[PlyCount "101"]
[EventDate "2012.??.??"]
[EventType "corr"]

1. e4 g6 2. d4 Bg7 3. Nc3 c5 4. dxc5 Bxc3+ 5. bxc3 Nc6 6. Be3 Qa5 7. Qd2 Nf6 8.
f3 O-O 9. c4 Qxd2+ 10. Kxd2 d6 11. cxd6 Rd8 12. Kc1 Rxd6 13. Ne2 b6 14. c5 bxc5
15. Bxc5 Rd7 16. Nc3 Bb7 17. Rb1 Rc8 18. Be3 Ne5 19. Rb3 Rdc7 20. Nb5 Rxc2+ 21.
Kb1 Neg4 22. Nxa7 R8c7 23. Nb5 Rc8 24. Na3 R2c7 25. fxg4 Bxe4+ 26. Ka1 Nxg4 27.
Ba6 Ra8 28. Bb6 Rd7 29. Bb5 Rd2 30. Re1 Bxg2 31. h3 Nf2 32. Be3 Rd1+ 33. Rxd1
Nxd1 34. Bc5 Rc8 35. Bxe7 Bd5 36. Rd3 Rc1+ 37. Nb1 Be4 38. Rd8+ Kg7 39. Bf8+
Kf6 40. Bd3 Nf2 41. Bxe4 Nxe4 42. Kb2 Rc7 43. a4 Ra7 44. Kb3 Rb7+ 45. Bb4 Nc5+
46. Ka3 Ne6 47. Rd6 Ke5 48. a5 h5 49. Nc3 Ra7 50. Nb5 Ra8 51. Rb6 1-0

[Event "10MCR_4DW_1L_3S"]
[Site "CR"]
[Date "2012.??.??"]
[Round "?"]
[White "Jirku, Jaroslav"]
[Black "Leiner, Raimund"]
[Result "1/2-1/2"]
[WhiteElo "2329"]
[BlackElo "2379"]
[Annotator "23"]
[PlyCount "58"]
[EventDate "2012.??.??"]
[EventType "corr"]

1. e4 c5 2. Nf3 d6 3. d4 cxd4 4. Nxd4 Nf6 5. Nc3 a6 6. Be3 e5 7. Nb3 Be6 8. Qd2
Be7 9. f3 O-O 10. O-O-O Nbd7 11. g4 b5 12. g5 b4 13. Ne2 Ne8 14. f4 a5 15. f5
a4 16. Nbd4 exd4 17. Nxd4 b3 18. Kb1 bxc2+ 19. Nxc2 Bb3 20. axb3 axb3 21. Na3
Ne5 22. h4 Ra4 23. Qg2 Qa8 24. Bd4 Nc7 25. f6 Bd8 26. fxg7 Kxg7 27. Bc3 Kg8 28.
h5 Ne6 29. Bb5 Qxe4+ 1/2-1/2

[Event "10MCR_4DW_1L_3S"]
[Site "CR"]
[Date "2012.??.??"]
[Round "?"]
[White "Alexa, Jaroslav"]
[Black "Struzka, Vlastimil"]
[Result "1-0"]
[WhiteElo "2345"]
[BlackElo "2224"]
[Annotator "24"]
[PlyCount "77"]
[EventDate "2012.??.??"]
[EventType "corr"]

1. d4 d5 2. c4 e6 3. Nc3 Be7 4. cxd5 exd5 5. Bf4 Nf6 6. e3 O-O 7. Bd3 Be6 8.
Nf3 Nh5 9. Qc2 f5 10. O-O Nc6 11. Bb5 Nb4 12. Qd1 Rb8 13. Rc1 Nxf4 14. exf4 c6
15. Be2 Bd6 16. a3 Na6 17. Bxa6 bxa6 18. Re1 Bd7 19. Qd2 Qb6 20. Rc2 Rfe8 21.
Ne5 Qb3 22. Re3 Qb7 23. Na4 Re7 24. Rec3 Be8 25. g3 Rc7 26. Nc5 Qc8 27. b4 a5
28. bxa5 Rb5 29. Re3 Re7 30. a4 Rb1+ 31. Kg2 g6 32. Qc3 Rc7 33. Rce2 Bxe5 34.
Rxe5 Bf7 35. Re7 Rxe7 36. Rxe7 Rb8 37. Qe1 Ra8 38. Nd7 h6 39. Qe5 1-0

[Event "10MCR_4DW_1L_3S"]
[Site "CR"]
[Date "2012.??.??"]
[Round "?"]
[White "Schwarz, Jan"]
[Black "Jirku, Jaroslav"]
[Result "1/2-1/2"]
[WhiteElo "2250"]
[BlackElo "2329"]
[Annotator "25"]
[PlyCount "64"]
[EventDate "2012.??.??"]
[EventType "corr"]

1. e4 e5 2. Nf3 Nc6 3. Bb5 a6 4. Ba4 Nf6 5. O-O Be7 6. Re1 b5 7. Bb3 O-O 8. h3
Bb7 9. d3 d6 10. a3 Qd7 11. Nbd2 Nd8 12. c3 Ne6 13. d4 exd4 14. cxd4 d5 15.
exd5 Bxd5 16. Ne5 Qd8 17. Ndf3 c5 18. dxc5 Bxc5 19. Bxd5 Qxd5 20. Ng4 Rfd8 21.
Nxf6+ gxf6 22. Qe2 Rac8 23. Bh6 Qh5 24. Bd2 Qf5 25. Rac1 h5 26. Rc3 Bb6 27.
Rxc8 Rxc8 28. Nh4 Qd5 29. Bc3 Nf4 30. Qe7 Qc6 31. Qe4 Qxe4 32. Rxe4 Nd5 1/2-1/2

[Event "10MCR_4DW_1L_3S"]
[Site "CR"]
[Date "2012.??.??"]
[Round "?"]
[White "Leiner, Raimund"]
[Black "Struzka, Vlastimil"]
[Result "1/2-1/2"]
[WhiteElo "2379"]
[BlackElo "2224"]
[Annotator "26"]
[PlyCount "121"]
[EventDate "2012.??.??"]
[EventType "corr"]

1. d4 d5 2. Nf3 e6 3. c4 Nc6 4. Nc3 Nf6 5. Bg5 Be7 6. e3 O-O 7. Bd3 h6 8. Bh4
Nb4 9. Be2 dxc4 10. Bxc4 Nbd5 11. O-O b6 12. Nxd5 exd5 13. Bb5 Bb7 14. Ne5 Qd6
15. Qf3 c5 16. Bxf6 Qxf6 17. Qxf6 gxf6 18. Nf3 a6 19. Bd7 Rfd8 20. Bg4 c4 21.
a3 b5 22. Rfb1 Bc8 23. Bxc8 Raxc8 24. g3 f5 25. Kf1 Kg7 26. Rc1 Bd6 27. Ng1 Rg8
28. Ne2 Kf6 29. Nc3 Ke6 30. Ke2 Rb8 31. Kd2 a5 32. a4 b4 33. Nb5 Rb6 34. h4 Kf6
35. Rab1 Kg6 36. Ke2 Rc8 37. Rc2 Bf8 38. Rcc1 Re8 39. Nc7 Rd8 40. Nb5 Bg7 41.
Kf3 Re6 42. Rg1 h5 43. Rbc1 Rc8 44. Na7 Ra8 45. Nb5 Rd8 46. Rge1 Bf8 47. Re2
Rd7 48. b3 c3 49. Ree1 Bh6 50. Rc2 Rde7 51. Ree2 Rb7 52. Ra2 Rd7 53. Rac2 Kf6
54. Re1 Rde7 55. Ree2 Rb6 56. Re1 Rc6 57. Rg1 Ke6 58. Ke2 Rb6 59. Kd3 Bg7 60.
Re1 Kf6 61. Rce2 1/2-1/2

[Event "10MCR_4DW_1L_3S"]
[Site "CR"]
[Date "2012.??.??"]
[Round "?"]
[White "Jirku, Jaroslav"]
[Black "Struzka, Vlastimil"]
[Result "1/2-1/2"]
[WhiteElo "2329"]
[BlackElo "2224"]
[Annotator "27"]
[PlyCount "65"]
[EventDate "2012.??.??"]
[EventType "corr"]

1. e4 e5 2. Nf3 Nc6 3. Bb5 Nf6 4. O-O Nxe4 5. d4 Nd6 6. Bxc6 dxc6 7. dxe5 Nf5
8. Qxd8+ Kxd8 9. Nc3 a5 10. h3 Be7 11. Rd1+ Ke8 12. Bg5 h6 13. Bxe7 Nxe7 14.
Rd2 g5 15. Re1 Ng6 16. Kh2 Ke7 17. Na4 b6 18. c4 c5 19. Nc3 Be6 20. Nd5+ Bxd5
21. cxd5 Rhd8 22. Re3 a4 23. g3 Rd7 24. d6+ cxd6 25. exd6+ Kf8 26. h4 g4 27.
Ne5 Nxe5 28. Rxe5 Rad8 29. Red5 f6 30. Kg2 Kf7 31. R5d3 Re8 32. f3 f5 33. fxg4
1/2-1/2

[Event "10MCR_4DW_1L_3S"]
[Site "CR"]
[Date "2012.??.??"]
[Round "?"]
[White "Tunega, Frantisek"]
[Black "Struzka, Vlastimil"]
[Result "1/2-1/2"]
[WhiteElo "2287"]
[BlackElo "2224"]
[Annotator "28"]
[PlyCount "130"]
[EventDate "2012.??.??"]
[EventType "corr"]

1. e4 e5 2. Nf3 Nc6 3. Bb5 a6 4. Ba4 Nf6 5. O-O b5 6. Bb3 Bb7 7. Re1 Bc5 8. c3
O-O 9. d4 Bb6 10. Bg5 h6 11. Bh4 d6 12. a4 exd4 13. cxd4 g5 14. Bg3 Re8 15. Nc3
Na5 16. e5 dxe5 17. Nxe5 Nxb3 18. Qxb3 Bd5 19. Qb4 c6 20. a5 Bc7 21. Nxd5 Qxd5
22. Rac1 Bd6 23. Qc3 Rac8 24. b4 Ne4 25. Qb2 Nxg3 26. hxg3 c5 27. Ng4 Rxe1+ 28.
Rxe1 Qxd4 29. Nxh6+ Kf8 30. Qb1 Bxg3 31. Qf5 Rc7 32. bxc5 b4 33. Rf1 Bh4 34.
Qf3 g4 35. Nxg4 Rxc5 36. Rd1 Qc4 37. Nf6 Kg7 38. Nh5+ Kf8 39. g3 Be7 40. Kg2
Rc6 41. Rd3 Kg8 42. Nf4 Rh6 43. Qg4+ Rg6 44. Qe2 Qxf4 45. Qxe7 Qc4 46. Rf3 Kg7
47. Qe5+ Kg8 48. Qf4 Qxf4 49. Rxf4 Rg5 50. Rxb4 Rxa5 51. f4 Kg7 52. Rb7 Kg6 53.
Kh3 Ra1 54. Kg4 f5+ 55. Kh3 Rh1+ 56. Kg2 Ra1 57. Rb6+ Kg7 58. Rb7+ Kf6 59. Rb6+
Ke7 60. Rb7+ Ke6 61. Rb6+ Ke7 62. Rb7+ Ke6 63. Rb6+ Kf7 64. Rb7+ Kf6 65. Rb6+
Kf7 1/2-1/2

[Event "10MCR_4DW_1L_3S"]
[Site "CR"]
[Date "2012.??.??"]
[Round "?"]
[White "Cvak, Rudolf"]
[Black "Ryska, Jiri"]
[Result "1-0"]
[WhiteElo "2375"]
[BlackElo "1900"]
[Annotator "29"]
[PlyCount "123"]
[EventDate "2012.??.??"]
[EventType "corr"]

1. e4 c5 2. Nf3 d6 3. d4 cxd4 4. Nxd4 Nf6 5. Nc3 a6 6. Bg5 e6 7. f4 Be7 8. Qf3
Qc7 9. O-O-O Nbd7 10. g4 b5 11. Bxf6 Nxf6 12. g5 Nd7 13. f5 Nc5 14. f6 gxf6 15.
gxf6 Bf8 16. Rg1 b4 17. Nd5 exd5 18. exd5 Bd7 19. Rg7 Qa5 20. Kb1 Bxg7 21. fxg7
Rg8 22. Qf6 b3 23. Nxb3 Nxb3 24. axb3 Bg4 25. Rc1 Rc8 26. Qh4 Rxg7 27. Re1+ Be6
28. dxe6 fxe6 29. Rxe6+ Kf8 30. Rxd6 Qg5 31. Qb4 Kg8 32. Bc4+ Kh8 33. Qc3 Qe7
34. Rd5 Rd8 35. Rxd8+ Qxd8 36. Qe5 a5 37. h4 h6 38. Ka2 Kh7 39. Bd3+ Kh8 40.
Qf4 Qb6 41. c4 Qe6 42. Qb8+ Rg8 43. Qc7 Rg7 44. Qd8+ Rg8 45. Qd4+ Rg7 46. c5 a4
47. Qxa4 Rd7 48. Bc4 Qe7 49. Qa8+ Rd8 50. Qa5 Kg7 51. Qc3+ Kg6 52. b4 Qd7 53.
b5 Qd1 54. b4 Kh5 55. Qe5+ Kxh4 56. Qf4+ Qg4 57. Qxg4+ Kxg4 58. c6 Kf5 59. b6
Ke5 60. c7 Ra8+ 61. Kb3 Kd6 62. Ba6 1-0

[Event "10MCR_4DW_1L_3S"]
[Site "CR"]
[Date "2012.??.??"]
[Round "?"]
[White "Jirku, Jaroslav"]
[Black "Tunega, Frantisek"]
[Result "1/2-1/2"]
[WhiteElo "2329"]
[BlackElo "2287"]
[Annotator "30"]
[PlyCount "56"]
[EventDate "2012.??.??"]
[EventType "corr"]

1. e4 c5 2. Nf3 d6 3. d4 cxd4 4. Nxd4 Nf6 5. Nc3 a6 6. Be3 e5 7. Nf3 Be7 8. Bc4
O-O 9. O-O Be6 10. Qe2 b5 11. Bb3 h6 12. a3 Nc6 13. Rfd1 Qd7 14. Nd5 Bxd5 15.
Bxd5 Nxd5 16. Rxd5 Qb7 17. c4 bxc4 18. Rc1 Rfc8 19. Rxc4 Nd8 20. Rb4 Qc6 21.
Rb6 Qa4 22. Qd3 Rcb8 23. Rxb8 Rxb8 24. b4 Qc6 25. Nd2 Ne6 26. Qc4 Rc8 27. Qxc6
Rxc6 28. g3 Nc7 1/2-1/2

[Event "10MCR_4DW_1L_3S"]
[Site "CR"]
[Date "2012.??.??"]
[Round "?"]
[White "Alexa, Jaroslav"]
[Black "Tunega, Frantisek"]
[Result "1/2-1/2"]
[WhiteElo "2345"]
[BlackElo "2287"]
[Annotator "31"]
[PlyCount "60"]
[EventDate "2012.??.??"]
[EventType "corr"]

1. d4 Nf6 2. c4 g6 3. Nc3 d6 4. e4 Bg7 5. f3 O-O 6. Be3 e5 7. d5 c6 8. Bd3 b5
9. a3 bxc4 10. Bxc4 cxd5 11. Bxd5 Nxd5 12. Qxd5 Qd7 13. Rd1 Nc6 14. Nge2 Qb7
15. b4 Rb8 16. O-O Be6 17. Qd3 Rfc8 18. Rfe1 Bf8 19. Bf2 a6 20. Na4 a5 21. Nb6
axb4 22. Nxc8 Rxc8 23. axb4 Nxb4 24. Qd2 Rc2 25. Qe3 h5 26. Rc1 d5 27. Qb6 Qxb6
28. Bxb6 dxe4 29. fxe4 Rb2 30. Rb1 Rc2 1/2-1/2

[Event "10MCR_4DW_1L_3S"]
[Site "CR"]
[Date "2012.??.??"]
[Round "?"]
[White "Cvak, Rudolf"]
[Black "Nigrin, Jiri"]
[Result "1-0"]
[WhiteElo "2375"]
[BlackElo "2107"]
[Annotator "32"]
[PlyCount "149"]
[EventDate "2012.??.??"]
[EventType "corr"]

1. e4 c5 2. Nf3 d6 3. d4 cxd4 4. Nxd4 Nf6 5. Nc3 a6 6. Bc4 e6 7. Bb3 b5 8. Bg5
Be7 9. Qf3 Qc7 10. e5 Bb7 11. exd6 Bxd6 12. Qe3 Nc6 13. Nf5 O-O-O 14. Nxd6+
Qxd6 15. Rd1 Qe5 16. O-O Qxe3 17. Bxe3 Rxd1 18. Rxd1 Na5 19. f3 Nxb3 20. cxb3
Rd8 21. Bd4 Ne8 22. Rc1 Bc6 23. Bb6 Rd7 24. Ba5 Kb7 25. Re1 Nf6 26. Ne2 h5 27.
h4 g6 28. Nc1 Ne8 29. Bc3 Nd6 30. Nd3 Ka7 31. Ne5 Rc7 32. Ba5 Rc8 33. Bb4 Nf5
34. Rc1 Kb7 35. Nxf7 Be8 36. Rxc8 Kxc8 37. Ng5 Nxh4 38. g4 hxg4 39. fxg4 Bc6
40. Kf2 Kd7 41. Kg3 Ng2 42. Nf7 Be4 43. Ne5+ Kc7 44. Bd2 Kd6 45. Nf7+ Kd7 46.
Ng5 Bb7 47. Nf3 Bxf3 48. Kxf3 Nh4+ 49. Kg3 g5 50. Bxg5 Ng6 51. Kf3 Ne5+ 52. Kf4
Nd3+ 53. Ke4 Nf2+ 54. Kf3 Nd3 55. Bf6 Ke8 56. Bc3 Nc5 57. b4 Nd7 58. g5 Kf7 59.
Kf4 Kg6 60. Bd2 Nb6 61. b3 Kf7 62. g6+ Kf6 63. Bc3+ Kxg6 64. Ke5 Nd5 65. Be1
Kf7 66. Kd6 Ne3 67. Kc7 e5 68. Kb7 Ke7 69. Kxa6 Kd7 70. Kxb5 Nc2 71. Bc3 e4 72.
a4 e3 73. Ka6 e2 74. b5 Nd4 75. b4 1-0

[Event "10MCR_4DW_1L_3S"]
[Site "CR"]
[Date "2012.??.??"]
[Round "?"]
[White "Prchly, Milos"]
[Black "Cvak, Rudolf"]
[Result "1/2-1/2"]
[WhiteElo "2293"]
[BlackElo "2375"]
[Annotator "33"]
[PlyCount "64"]
[EventDate "2012.??.??"]
[EventType "corr"]

1. d4 Nf6 2. c4 g6 3. Nc3 d5 4. cxd5 Nxd5 5. e4 Nxc3 6. bxc3 Bg7 7. Bc4 c5 8.
Ne2 Nc6 9. Be3 O-O 10. O-O Qc7 11. Rc1 Rd8 12. Bf4 Be5 13. Bxe5 Nxe5 14. Bb3 b5
15. Qd2 Ng4 16. Ng3 a5 17. h3 c4 18. Bd1 Nf6 19. a3 e5 20. Qg5 Nd7 21. Nf5 Bb7
22. Nh6+ Kg7 23. Ng4 Ra6 24. d5 f6 25. Qh6+ Kh8 26. Bc2 Rb6 27. Rb1 Qd6 28. Ra1
Kg8 29. Qh4 Ba6 30. Qg3 Kg7 31. Kh2 Re8 32. Ne3 Kf7 1/2-1/2

[Event "10MCR_4DW_1L_3S"]
[Site "CR"]
[Date "2012.??.??"]
[Round "?"]
[White "Struzka, Vlastimil"]
[Black "Latta, Hynek"]
[Result "1/2-1/2"]
[WhiteElo "2224"]
[BlackElo "2143"]
[Annotator "34"]
[PlyCount "82"]
[EventDate "2012.??.??"]
[EventType "corr"]

1. d4 d5 2. Nc3 Nf6 3. Nf3 g6 4. g3 Bg7 5. Bg2 O-O 6. O-O c6 7. h3 Re8 8. Bf4
Nbd7 9. Qd2 Nb6 10. b3 Ne4 11. Nxe4 dxe4 12. Ne5 f6 13. Ng4 Nd5 14. Rad1 Nxf4
15. Qxf4 f5 16. Ne5 Qa5 17. Qd2 Qxd2 18. Rxd2 Be6 19. f4 Red8 20. e3 c5 21.
Rfd1 cxd4 22. exd4 Bf7 23. Kf2 Rac8 24. c4 e6 25. Bf1 Be8 26. Ke3 Bf6 27. c5
Kf8 28. b4 Ke7 29. Bc4 Bc6 30. h4 a6 31. Bb3 a5 32. bxa5 Ra8 33. Bc4 Rxa5 34.
Rb1 Ra3+ 35. Rb3 Ra4 36. Bb5 Bxb5 37. Rxb5 Ra3+ 38. Ke2 Bxe5 39. fxe5 Rd7 40.
Rdb2 Rxg3 41. Rxb7 Rg2+ 1/2-1/2

[Event "10MCR_4DW_1L_3S"]
[Site "CR"]
[Date "2012.??.??"]
[Round "?"]
[White "Schwarz, Jan"]
[Black "Alexa, Jaroslav"]
[Result "1/2-1/2"]
[WhiteElo "2250"]
[BlackElo "2345"]
[Annotator "35"]
[PlyCount "114"]
[EventDate "2012.??.??"]
[EventType "corr"]

1. e4 c5 2. Nf3 d6 3. d4 cxd4 4. Nxd4 Nf6 5. Nc3 a6 6. Be2 e5 7. Nb3 Be7 8. Bg5
Be6 9. Bxf6 Bxf6 10. Qd3 O-O 11. Rd1 Be7 12. Nd5 Bg5 13. O-O Nc6 14. c3 Rc8 15.
Qg3 Bh4 16. Qe3 Bg5 17. Qb6 Qd7 18. f4 exf4 19. Nxf4 Bxf4 20. Rxf4 Qe7 21. a4
Rfd8 22. Rff1 h6 23. Nd4 Nxd4 24. Qxd4 Bb3 25. Rd2 d5 26. e5 Bc4 27. Qe3 Bxe2
28. Rxe2 Rc4 29. Rf4 Rxf4 30. Qxf4 Qc5+ 31. Rf2 Rd7 32. Kf1 Re7 33. Re2 a5 34.
Qh4 Re8 35. Qg4 Re6 36. Qh4 b6 37. h3 Qc6 38. Kf2 b5 39. Qd8+ Kh7 40. Qxa5 bxa4
41. Qa7 Kg6 42. Qd4 Qb6 43. Qxb6 Rxb6 44. g4 Rb3 45. Rd2 Kg5 46. Kg3 a3 47. h4+
Kg6 48. bxa3 Rxc3+ 49. Kg2 Rc4 50. Kg3 h5 51. gxh5+ Kf5 52. Rf2+ Ke6 53. Rf4
Rc3+ 54. Kf2 Rxa3 55. Rg4 Kxe5 56. Rxg7 f5 57. h6 Rh3 1/2-1/2

[Event "10MCR_4DW_1L_3S"]
[Site "CR"]
[Date "2012.??.??"]
[Round "?"]
[White "Latta, Hynek"]
[Black "Alexa, Jaroslav"]
[Result "1/2-1/2"]
[WhiteElo "2143"]
[BlackElo "2345"]
[Annotator "39"]
[PlyCount "56"]
[EventDate "2012.??.??"]
[EventType "corr"]

1. e4 c5 2. Nf3 Nc6 3. Bb5 g6 4. Bxc6 dxc6 5. d3 Bg7 6. h3 Nf6 7. Nc3 O-O 8.
Be3 b6 9. Qd2 Re8 10. Bh6 e5 11. Bxg7 Kxg7 12. Ne2 Nh5 13. O-O-O Qf6 14. Qg5
Qxg5+ 15. Nxg5 a5 16. a4 b5 17. g4 Nf4 18. Nxf4 exf4 19. Kd2 Rb8 20. Nf3 bxa4
21. Kc3 Rb4 22. Nd2 Be6 23. Ra1 Rh8 24. f3 h5 25. Rhf1 hxg4 26. hxg4 Rh2 27.
Ra3 c4 28. Nxc4 Bxc4 1/2-1/2

[Event "10MCR_4DW_1L_3S"]
[Site "CR"]
[Date "2012.??.??"]
[Round "?"]
[White "Latta, Hynek"]
[Black "Leiner, Raimund"]
[Result "0-1"]
[WhiteElo "2143"]
[BlackElo "2379"]
[Annotator "37"]
[PlyCount "74"]
[EventDate "2012.??.??"]
[EventType "corr"]

1. e4 c5 2. Nf3 Nc6 3. Bb5 g6 4. Bxc6 bxc6 5. O-O Bg7 6. Re1 Nh6 7. c3 O-O 8.
d4 cxd4 9. cxd4 d5 10. e5 f6 11. exf6 exf6 12. h3 Nf7 13. b3 Bf5 14. Nc3 Re8
15. Rxe8+ Qxe8 16. Ba3 Qd7 17. Nh4 Bxh3 18. gxh3 Qxh3 19. Nf3 Re8 20. Rb1 Bh6
21. Bc1 g5 22. b4 Kh8 23. Bd2 g4 24. Nh2 g3 25. fxg3 Qxg3+ 26. Kh1 Rg8 27. Qe2
Bxd2 28. Qxd2 Nd6 29. Rf1 Rg6 30. b5 Nc4 31. Qe2 Ne3 32. Re1 Ng4 33. Nxg4 Rxg4
34. Qe8+ Rg8 35. Qxg8+ Qxg8 36. bxc6 Qc8 37. Ne2 Qxc6 0-1

[Event "10MCR_4DW_1L_3S"]
[Site "CR"]
[Date "2012.??.??"]
[Round "?"]
[White "Leiner, Raimund"]
[Black "Tunega, Frantisek"]
[Result "1/2-1/2"]
[WhiteElo "2379"]
[BlackElo "2287"]
[Annotator "38"]
[PlyCount "110"]
[EventDate "2012.??.??"]
[EventType "corr"]

1. d4 Nf6 2. c4 g6 3. Nc3 d6 4. e4 Bg7 5. Be2 O-O 6. Nf3 e5 7. O-O Nc6 8. d5
Ne7 9. Ne1 Nd7 10. Nd3 f5 11. f3 f4 12. Bd2 g5 13. b4 Nf6 14. g4 h5 15. h3 Kf7
16. Kg2 Ng6 17. Rh1 Nh4+ 18. Kf2 Kg6 19. c5 Qe7 20. Rc1 Bd7 21. a4 Kh7 22. a5
a6 23. cxd6 cxd6 24. Nb2 Rac8 25. Nc4 Kg6 26. Nb6 Rc7 27. Nxd7 Nxd7 28. b5 Nc5
29. bxa6 hxg4 30. hxg4 Nxa6 31. Na4 Rfc8 32. Nb6 Rxc1 33. Bxc1 Rc7 34. Ba3 Bf8
35. Qa4 Nc5 36. Qb5 Nd7 37. Nc4 Qd8 38. Bxd6 Bxd6 39. Nxd6 Qb8 40. Nc4 Rxc4 41.
Qxc4 Qa7+ 42. Kf1 Qxa5 43. Bd1 Qd2 44. Qc2 Nxf3 45. Qxd2 Nxd2+ 46. Ke2 Nc4 47.
Ba4 Nf6 48. Rc1 Nd6 49. Kf3 Kg7 50. Rc7+ Kf8 51. Bc2 Nb5 52. d6 Nxd6 53. Bd3
Ke8 54. Rg7 Nd7 55. Rxg5 Kf7 1/2-1/2

[Event "10MCR_4DW_1L_3S"]
[Site "CR"]
[Date "2012.??.??"]
[Round "?"]
[White "Latta, Hynek"]
[Black "Jirku, Jaroslav"]
[Result "1/2-1/2"]
[WhiteElo "2143"]
[BlackElo "2329"]
[Annotator "39"]
[PlyCount "64"]
[EventDate "2012.??.??"]
[EventType "corr"]

1. d4 d5 2. c4 e6 3. Nc3 Nf6 4. Nf3 c6 5. Bg5 h6 6. Bxf6 Qxf6 7. e3 Nd7 8. Bd3
dxc4 9. Bxc4 g6 10. O-O Bg7 11. e4 e5 12. d5 Nb6 13. Bb3 Bg4 14. Rc1 O-O 15. h3
Bxf3 16. Qxf3 Qxf3 17. gxf3 Rfc8 18. Kg2 Bf6 19. dxc6 bxc6 20. Na4 Bg5 21. Rc3
Kf8 22. Rd1 Nxa4 23. Bxa4 Rab8 24. b3 Rd8 25. Rxd8+ Rxd8 26. Rc2 c5 27. Bc6 Rd2
28. Rxd2 Bxd2 29. Kf1 Ke7 30. Ke2 Bc3 31. Kd3 Bd4 32. Ke2 g5 1/2-1/2

[Event "10MCR_4DW_1L_3S"]
[Site "CR"]
[Date "2012.??.??"]
[Round "?"]
[White "Nigrin, Jiri"]
[Black "Latta, Hynek"]
[Result "1/2-1/2"]
[WhiteElo "2107"]
[BlackElo "2143"]
[Annotator "40"]
[PlyCount "101"]
[EventDate "2012.??.??"]
[EventType "corr"]

1. d4 d5 2. c4 e6 3. Nf3 Nf6 4. Nc3 c6 5. Bg5 Nbd7 6. e3 Qa5 7. cxd5 Nxd5 8.
Qd2 Bb4 9. Rc1 h6 10. Bh4 c5 11. e4 N5f6 12. Bxf6 Nxf6 13. Bb5+ Ke7 14. e5 Ne4
15. Qd3 Nxc3 16. bxc3 Ba3 17. Rc2 a6 18. Bc4 b5 19. Qe4 Rb8 20. Qh4+ g5 21.
Nxg5 hxg5 22. Qxh8 bxc4 23. dxc5 Bxc5 24. Rd2 Qc7 25. O-O Bb7 26. Qf6+ Ke8 27.
Qxg5 Be4 28. h4 Bd3 29. Re1 Qa5 30. h5 Qxc3 31. h6 Kd7 32. Red1 Kc6 33. Qf6 Rf8
34. a4 Bb4 35. Qf3+ Kb6 36. a5+ Bxa5 37. Qe3+ Kb7 38. h7 Bb4 39. Rxd3 cxd3 40.
Rxd3 Qc6 41. Qf4 a5 42. Rg3 Qc2 43. Rg7 Kb6 44. Kh2 Kb5 45. Qf3 Bc3 46. Qb7+
Ka4 47. f4 Qf5 48. Qd7+ Kb3 49. Qd1+ Kc4 50. Qa4+ Bb4 51. Qc6+ 1/2-1/2

[Event "10MCR_4DW_1L_3S"]
[Site "CR"]
[Date "2012.??.??"]
[Round "?"]
[White "Cvak, Rudolf"]
[Black "Latta, Hynek"]
[Result "1-0"]
[WhiteElo "2375"]
[BlackElo "2143"]
[Annotator "41"]
[PlyCount "99"]
[EventDate "2012.??.??"]
[EventType "corr"]

1. e4 c6 2. d4 d5 3. e5 Bf5 4. Nf3 e6 5. Be2 Nd7 6. O-O Ne7 7. Nbd2 h6 8. Nb3
Qc7 9. a4 a5 10. Be3 g5 11. Ne1 c5 12. Bb5 Nc6 13. Nxc5 Nxc5 14. dxc5 Bg7 15.
f4 gxf4 16. Bxf4 Bxe5 17. Bxe5 Qxe5 18. Nf3 Qe3+ 19. Rf2 Bg4 20. Bxc6+ bxc6 21.
Qd4 Qxd4 22. Nxd4 Rc8 23. Re1 Ke7 24. Ref1 Bh5 25. Rf6 Rhg8 26. Rxh6 Bg6 27. h4
Be4 28. Rf2 Rg6 29. Rxg6 fxg6 30. Kh2 e5 31. Nb3 Ra8 32. g4 Ke6 33. Re2 Kd7 34.
Kg3 Rf8 35. Nxa5 Rf3+ 36. Kh2 Rf4 37. b4 Rxg4 38. b5 cxb5 39. axb5 Rxh4+ 40.
Kg3 Rf4 41. c4 d4 42. c6+ Kc8 43. b6 d3 44. Rb2 Rf8 45. c7 Rf3+ 46. Kg4 Rf8 47.
Rd2 Bf3+ 48. Kg5 e4 49. Nc6 Rf5+ 50. Kh6 1-0